000 01054nam a2200265Ia 4500
008 130821s1999 ck gr spa
020 _a8482808547
040 _aCo-BoUCM
_bspa
041 0 0 _aspa
100 _aGomez Rivas, Fernando
_9157781
245 0 0 _aFederico Rivas Frade Su obra poética, su vida y anécdotas bogotanas
_cFernando Gómez Rivas
250 _a1a. ed.
260 _aBogotá (Cundinamarca, Colombia)
_bLa Oveja Negra
_c1999
300 _axvi, 564 páginas
504 _aIncluye bibliografía e índice
600 _aRivas Frade, Federico
_d1856-1922
_9157782
600 _aRivas Frade, Federico
_d1856-1922
_vColecciones de escritos
_9157783
600 _aRivas Frade, Federico
_d1856-1922
_xCrítica e interpretación, etc.
_9157784
650 0 4 _aColecciones de escritos
_911112
650 0 4 _aLiteratura colombiana
_918629
650 0 4 _aPoesía colombiana
_921792
650 0 4 _aPoetas colombianos
_921870
651 _aBogotá (Colombia)
_xHistoria
_926816
942 _cLIBRO
_a18
_e1
_kC
_mG633f
_2DEWEY
_h861.44
_n0
999 _c29031
_d29031